[Event "Londrina op"]
[Site "Londrina"]
[Date "2024.11.10"]
[Round "5"]
[White "De Oliveira, Maria Eduarda Hama"]
[Black "Pirolo, Francisco Garcia"]
[Result "1/2-1/2"]
[WhiteElo "1735"]
[BlackElo "1800"]
[PlyCount "46"]
[EventDate "2024.11.08"]
[EventType "swiss"]
[EventRounds "6"]
[EventCountry "BRA"]
[SourceTitle "CB45_2024"]
[Source "ChessBase"]
[SourceDate "2024.11.06"]
[SourceVersion "1"]
[SourceVersionDate "2024.11.06"]
[SourceQuality "1"]

1. d4 d5 2. Bf4 e6 3. e3 c5 4. c3 Qb6 5. Nd2 Nc6 6. Ngf3 Bd7 7. Bd3 Nf6 8. Ne5 Nxe5 9. dxe5 Nh5 10. Qxh5 c4 11. Bc2 Qxb2 12. 0-0 Qxc2 13. Qe2 Qg6 14. a4 a5 15. Rab1 Bc6 16. Nf3 Qg4 17. Bg5 d4 18. cxd4 Bxf3 19. Qxf3 Qxg5 20. Qxb7 Qd8 21. Qc6+ Ke7 22. Qc5+ Ke8 23. Qc6+ Ke7 1/2-1/2

[Event "Londrina op"]
[Site "Londrina"]
[Date "2024.11.08"]
[Round "1"]
[White "Barbosa, Kassio Rodrigo"]
[Black "De Oliveira, Maria Eduarda Hama"]
[Result "1-0"]
[WhiteElo "1726"]
[BlackElo "1735"]
[PlyCount "35"]
[EventDate "2024.11.08"]
[EventType "swiss"]
[EventRounds "6"]
[EventCountry "BRA"]
[SourceTitle "CB45_2024"]
[Source "ChessBase"]
[SourceDate "2024.11.06"]
[SourceVersion "1"]
[SourceVersionDate "2024.11.06"]
[SourceQuality "1"]

1. e4 c5 2. Nf3 Nc6 3. d4 cxd4 4. Nxd4 Nxd4 5. Qxd4 d6 6. Nc3 e5 7. Qd3 Nf6 8. Bg5 g6 9. 0-0-0 Bg7 10. Qxd6 Bd7 11. Qxe5+ Be6 12. Rxd8+ Rxd8 13. Bb5+ Kf8 14. Bxf6 Bh6+ 15. f4 Bxf4+ 16. Qxf4 a6 17. Qh6+ Kg8 18. Qg7# 1-0